000 00739nam a2200289Ia 4500
005 20260324113955.0
008 008 260324s9999 xx 000 0 eng d
020 _a9781003318699
037 _aEBOOK
040 _aCRL
040 _beng
040 _cCRL
041 _2eng
041 _aeng
084 _qCRL
100 _aPramod Belkhode; Prashant Maheshwary; Kanchan Borkar; J.P. Modak
_91148918
245 0 _aMathematical Modelling
245 0 _bSimulation Analysis and Industrial Applications
260 _bTaylor and Francis
260 _c2023
365 _a
365 _b340
856 _uhttp://www.taylorfrancis.com/books/9781003318699
942 _cEBOOK
999 _c1738858
_d1738858